Growth, poverty and income inequality in Kenya : (Record no. 1120)
[ view plain ]
| 000 -LEADER | |
|---|---|
| fixed length control field | 00737cam a22002292 4500 |
| 001 - CONTROL NUMBER | |
| control field | 0000019827 |
| 005 - DATE AND TIME OF LATEST TRANSACTION | |
| control field | 20151021151135.0 |
| 008 - FIXED-LENGTH DATA ELEMENTS--GENERAL INFORMATION | |
| fixed length control field | 110214s xx 000 0 eng d |
| 020 ## - INTERNATIONAL STANDARD BOOK NUMBER | |
| International Standard Book Number | 9966744630 : |
| 040 ## - CATALOGING SOURCE | |
| Original cataloging agency | KABU |
| Transcribing agency | KABU |
| 100 1# - MAIN ENTRY--PERSONAL NAME | |
| Personal name | Wambugu, Anthony. |
| -- | 0000179805 |
| 245 10 - TITLE STATEMENT | |
| Title | Growth, poverty and income inequality in Kenya : |
| Remainder of title | suggested policy options / |
| Statement of responsibility, etc. | Anthony Wambugu, Boaz Munga, Eldah Onsomu. |
| 250 ## - EDITION STATEMENT | |
| Edition statement | 1st ed. |
| 260 ## - PUBLICATION, DISTRIBUTION, ETC. (IMPRINT) | |
| Place of publication, distribution, etc. | Nairobi : |
| Name of publisher, distributor, etc. | NESC, |
| Date of publication, distribution, etc. | 2010. |
| 300 ## - PHYSICAL DESCRIPTION | |
| Extent | xi, 50 p. |
| 651 #0 - SUBJECT ADDED ENTRY--GEOGRAPHIC NAME | |
| Geographic name | Kenya |
| General subdivision | Economic policy. |
| -- | 0000150198 |
| 700 1# - ADDED ENTRY--PERSONAL NAME | |
| Personal name | Munga, Boaz. |
| -- | 0000179806 |
| 700 1# - ADDED ENTRY--PERSONAL NAME | |
| Personal name | Onsomu, Eldah. |
| -- | 0000160735 |
| 908 ## - PUT COMMAND PARAMETER (RLIN) | |
| Put command parameter | 110214 |
| 950 ## - LOCAL HOLDINGS (RLIN) | |
| -- | 1 |
| Withdrawn status | Lost status | Source of classification or shelving scheme | Not for loan | Home library | Current library | Date acquired | Total Checkouts | Full call number | Barcode | Date last seen | Price effective from | Koha item type | Copy number |
|---|---|---|---|---|---|---|---|---|---|---|---|---|---|
| Library of Congress Classification | Kabarak, Main Campus | Kabarak, Main Campus | 21/10/2015 | HC865 .W36 2010 c. 2 | 20556 | 02/08/2024 | 21/10/2015 | General Collection | c.2 | ||||
| Library of Congress Classification | Kabarak, Main Campus | Kabarak, Main Campus | 17/12/2015 | HC865 .W36 2010 c. 1 | 22766 | 17/12/2015 | 17/12/2015 | Africana Collection | |||||
| Library of Congress Classification | Kabarak, Nakuru City Campus | Kabarak, Nakuru City Campus | 21/10/2015 | HC865 .W36 2010 c. 1 | 22289 | 21/10/2015 | 21/10/2015 | General Collection |